| 000 | 00822nam a22002297a 4500 | ||
|---|---|---|---|
| 005 | 20250409115049.0 | ||
| 008 | 250409b |||||||| |||| 00| 0 eng d | ||
| 020 | _a978-81-972262-6-7 (pbk) | ||
| 037 | _cTB | ||
| 040 |
_aCRL _cCRL |
||
| 041 |
_2pun _apun |
||
| 084 |
_aQ2 153R4 _qCRL |
||
| 245 | _aਹਿੰਦੂ ਰਾਸ਼ਟਰਵਾਦ | ||
| 260 |
_aਸੰਗਰੂਰ, ਭਾਰਤ: _b ਰੀਥਿੰਕ ਬੂਕਸ, _c2024. |
||
| 300 | _a251 ਪ. | ||
| 365 |
_b299.00 _cINR |
||
| 650 | _aਧਰਮ | ||
| 650 |
_aਹਿੰਦੂ ਧਰਮ _9160881 |
||
| 700 |
_aਸਿੰਘ, ਸ਼ਮਸ਼ੇਰ (Ed.) _9751987 |
||
| 942 |
_2CC _cTB _hQ2 153R4 _n0 |
||
| 999 |
_c1308581 _d1308581 |
||